| 000 | 00426nam a22001577a 4500 | ||
|---|---|---|---|
| 003 | OSt | ||
| 005 | 20211026154723.0 | ||
| 008 | 211026b |||||||| |||| 00| 0 eng d | ||
| 040 | _cHawassa university | ||
| 050 | _a633/KIP | ||
| 082 |
_2Sixth edition _a633/KIP |
||
| 100 |
_aKipps m. s. _915674 |
||
| 245 | _aProduction of field crops A textbook of agronomy | ||
| 260 |
_aNew york _bMcgraw-hill _c1959 |
||
| 942 |
_2ddc _cBOOKS _n0 |
||
| 999 |
_c15080 _d15080 |
||